00733 2200277 4500001002100000005001500021035002000036007000300056008004100059020002200100082001200122084001800134100003700152245004000189250001000229300002100239700003500260600001000295264004000305336002100345337003000366338002300396990001200419990001200431990001200443INLIS00000000000007320230706024709 a0010-0723000049ta230706 0  a978-979-3820-14-9 a899.221 a899.221 PRA a0 aPramoedya Ananta ToerePengarang1 aArok Dedes /cPramoedya Ananta Toer acet 9 a561 hlm ;c21 cm0 aAstuti Ananta ToerePenyunting 4aNovel aJakarta :bLentera Dipantara,c2009 2rdacontentateks 2rdamediaatanpa perantara 2rdacarrieravolume a17.0096 a17.0097 a17.0098